000
00326nam a2200157Ia 4500
100
_a
Jangam// Patil.
490
_v
2
942
_c
BK
654
_a
mathematics II
245
_a
Applied Mathematics-II
260
_b
Nandu Pub
_a
Mumbai
_c
1997
082
_a
519
_b
JAN/PAT
300
_a
254
546
_a
ENGLISH
999
_c
32939
_d
32939